Obras completas /
Guardado en:
| Autor Principal: | |
|---|---|
| Formato: | Libro |
| Publicado: |
Madrid :
Aguilar,
1969
|
| Edición: | 2a. ed. |
| Materias: | |
| Etiquetas: |
Agregar Etiqueta
Sin Etiquetas, Sea el primero en etiquetar este registro!
|
| LEADER | 00714nam a22002295a 4500 | ||
|---|---|---|---|
| 001 | CEM.cems013535 | ||
| 005 | 20131025161132.0 | ||
| 008 | 130507s1969##################000#0#####d | ||
| 003 | CEMS | ||
| 082 | 0 | 4 | |a 184 |
| 100 | 1 | |a Platón | |
| 245 | 1 | 0 | |a Obras completas / |c Platón |
| 250 | |a 2a. ed. | ||
| 260 | |a Madrid : |b Aguilar, |c 1969 | ||
| 300 | |a 1704 p. | ||
| 505 | 0 | |a Introducción a Platón -- Los llamados filósofos presocráticos: fuentes, textos e interpretaciones -- Sinopsis de Platón | |
| 653 | |a Mito de la caverna | ||
| 653 | |a Alegoría de la caverna | ||
| 653 | |a Filosofía | ||
| 653 | |a Filosofía clásica | ||
| 653 | |a Filosofía girega | ||
| 859 | |a CEMS |b BIB. CEMS - 11 de abril |h 184 |i P697a2 |p 574.73 |t Ej.1 | ||
